<?xml version="1.0" encoding="UTF-8"?>
<record
    xmlns:xsi="http://www.w3.org/2001/XMLSchema-instance"
    xsi:schemaLocation="http://www.loc.gov/MARC21/slim http://www.loc.gov/standards/marcxml/schema/MARC21slim.xsd"
    xmlns="http://www.loc.gov/MARC21/slim">

  <leader>00829nam a2200253 a 4500</leader>
  <controlfield tag="003">CO-ViMGA</controlfield>
  <controlfield tag="005">20230915223802.0</controlfield>
  <controlfield tag="008">130313s2013    ck a   gr     00010 spa d</controlfield>
  <datafield tag="020" ind1=" " ind2=" ">
    <subfield code="a">9789584540713</subfield>
  </datafield>
  <datafield tag="040" ind1=" " ind2=" ">
    <subfield code="a">CO-ViMGA</subfield>
    <subfield code="b">spa</subfield>
    <subfield code="c">CO-ViMGA</subfield>
  </datafield>
  <datafield tag="043" ind1=" " ind2=" ">
    <subfield code="a">s-ck---</subfield>
  </datafield>
  <datafield tag="082" ind1="0" ind2="4">
    <subfield code="a">I863.6 </subfield>
    <subfield code="b">A53p3 </subfield>
    <subfield code="2">19</subfield>
  </datafield>
  <datafield tag="100" ind1="1" ind2=" ">
    <subfield code="a">And&#xFA;jar C&#xF3;rdoba, Carolina.</subfield>
    <subfield code="9">10963</subfield>
  </datafield>
  <datafield tag="245" ind1="1" ind2="0">
    <subfield code="a">La princesa y el mago sombr&#xED;o / </subfield>
    <subfield code="c">Carolina And&#xFA;jar ; ilustradora Amalia Low.</subfield>
  </datafield>
  <datafield tag="260" ind1=" " ind2=" ">
    <subfield code="a">Bogot&#xE1; : </subfield>
    <subfield code="b">Carvajal Educaci&#xF3;n, </subfield>
    <subfield code="c">2013.</subfield>
  </datafield>
  <datafield tag="300" ind1=" " ind2=" ">
    <subfield code="a">48 p. : </subfield>
    <subfield code="b">il. ; </subfield>
    <subfield code="c">28 cm.</subfield>
  </datafield>
  <datafield tag="490" ind1="0" ind2=" ">
    <subfield code="a">Fuera de serie</subfield>
  </datafield>
  <datafield tag="650" ind1=" " ind2="4">
    <subfield code="a">Cuentos de hadas.</subfield>
    <subfield code="9">2061</subfield>
  </datafield>
  <datafield tag="650" ind1=" " ind2="4">
    <subfield code="a">Cuentos infantiles colombianos.</subfield>
    <subfield code="9">10964</subfield>
  </datafield>
  <datafield tag="650" ind1=" " ind2="4">
    <subfield code="a">Magos</subfield>
    <subfield code="v"> Cuentos infantiles.</subfield>
    <subfield code="9">2577</subfield>
  </datafield>
  <datafield tag="650" ind1=" " ind2="4">
    <subfield code="a">Princesas</subfield>
    <subfield code="v"> Cuentos infantiles.</subfield>
    <subfield code="9">8190</subfield>
  </datafield>
  <datafield tag="700" ind1="1" ind2=" ">
    <subfield code="a">Low, Amalia, </subfield>
    <subfield code="e">il.</subfield>
    <subfield code="9">10965</subfield>
  </datafield>
  <datafield tag="942" ind1=" " ind2=" ">
    <subfield code="2">ddc</subfield>
    <subfield code="c">BK</subfield>
  </datafield>
  <datafield tag="999" ind1=" " ind2=" ">
    <subfield code="c">10418</subfield>
    <subfield code="d">10418</subfield>
  </datafield>
  <datafield tag="952" ind1=" " ind2=" ">
    <subfield code="0">0</subfield>
    <subfield code="1">0</subfield>
    <subfield code="2">ddc</subfield>
    <subfield code="4">0</subfield>
    <subfield code="7">0</subfield>
    <subfield code="8">001</subfield>
    <subfield code="a">MEVIGAPOR</subfield>
    <subfield code="b">MEVIGAPOR</subfield>
    <subfield code="d">2017-09-04</subfield>
    <subfield code="l">0</subfield>
    <subfield code="o">I863.6 A53p3 </subfield>
    <subfield code="p">32310</subfield>
    <subfield code="r">2017-09-04 00:00:00</subfield>
    <subfield code="w">2017-09-04</subfield>
    <subfield code="y">BK</subfield>
  </datafield>
  <datafield tag="952" ind1=" " ind2=" ">
    <subfield code="0">0</subfield>
    <subfield code="1">0</subfield>
    <subfield code="2">ddc</subfield>
    <subfield code="4">0</subfield>
    <subfield code="7">0</subfield>
    <subfield code="8">GEN</subfield>
    <subfield code="a">MESJUANI</subfield>
    <subfield code="b">MESJUANI</subfield>
    <subfield code="c">LIT</subfield>
    <subfield code="d">2025-07-23</subfield>
    <subfield code="l">0</subfield>
    <subfield code="o">N AND</subfield>
    <subfield code="p">SJU02073</subfield>
    <subfield code="r">2025-07-23 16:10:01</subfield>
    <subfield code="t">Ej.1</subfield>
    <subfield code="w">2025-07-23</subfield>
    <subfield code="y">BK</subfield>
  </datafield>
</record>
